00331nam a2200097Ia 4500008004100000041000800041100002500049245010900074260003100183999001900214241105s9999 xx 000 0 und d aeng aSawant Kajal9184167 aTo Study The New Mergedd Villages In PMC And Propose Strategies For Sustainable Development Of Vilillage bBNCA M Arch EA, Punec2021 c362008d362008